| 000 | 00521nam a2200181Ia 4500 | ||
|---|---|---|---|
| 008 | 100920s9999 xx 000 0 und d | ||
| 082 |
_b38662 _a491.462 थ 78 |
||
| 100 | _aकेशव दत्ता. | ||
| 245 | _aमवाली. | ||
| 260 |
_bमेहता पिब्लशिंग हाऊस,पुणे 30. _c1978 |
||
| 300 |
_a71 _bसाधी |
||
| 365 | _b8 | ||
| 520 | _aनाटक. | ||
| 630 | _aमवाली. | ||
| 650 | _aनाटक. | ||
| 730 | _aमवाली. | ||
| 942 | _cBOOK | ||
| 999 |
_c690640 _d690637 |
||